000 00475nam a2200145Ia 4500
008 100204s9999 xx 000 0 und d
082 _b22877
100 _aव्दिवेदी हजारीप्रसाद
245 _aमेघदूत
260 _bहिंदी - ग्रंथ - रत्नाकर (प्रा) लि. मुंबई
_c1957
300 _a179
630 _aमेघदूत
730 _aमेघदूत
942 _cBOOK
999 _c467978
_d467975